Podnikanie na burzách cenných papierov a problematika burzových indexov na počítači. 1
Aktuálny a originálny programový produkt na spracovanie problematiky portfolií a s ňou spojených rozhodovacích procesov. Nástroj na rozhodovanie v investovaní do portfolií cenných papierov na kapitálových trhoch pre finančných manažérov.
Uložené v:
| Hlavný autor: | |
|---|---|
| Médium: | Kapitola |
| Jazyk: | Slovak |
| Predmet: | |
| Tagy: |
Žiadne tagy, Buďte prvý, kto otaguje tento záznam!
|
MARC
| LEADER | 00000naa a2200000 4500 | ||
|---|---|---|---|
| 001 | r018610 | ||
| 005 | 20221205101951.6 | ||
| 041 | 0 | |a slo | |
| 044 | |a SK | ||
| 245 | 1 | 0 | |a Podnikanie na burzách cenných papierov a problematika burzových indexov na počítači. 1 |c Dušan Marček |
| 520 | |a Aktuálny a originálny programový produkt na spracovanie problematiky portfolií a s ňou spojených rozhodovacích procesov. Nástroj na rozhodovanie v investovaní do portfolií cenných papierov na kapitálových trhoch pre finančných manažérov. | ||
| 610 | 2 | 0 | |a trh kapitálový |
| 610 | 2 | 0 | |a burzy |
| 610 | 2 | 0 | |a papiere cenné |
| 610 | 2 | 0 | |a indexy |
| 610 | 2 | 0 | |a počítače |
| 610 | 2 | 0 | |a programy počítačové |
| 610 | 2 | 0 | |a rozhodovanie finančné |
| 610 | 2 | 0 | |a portfólio |
| 610 | 2 | 0 | |a investovanie |
| 610 | 2 | 0 | |a diverzifikácia |
| 100 | 1 | |a Marček, Dušan | |